Southville International School and Colleges
Your cart is empty.
  • Cart
  • Lists
    Public lists Eva Luna New books Lux_list list_1
    Your lists Log in to create your own lists
  • Log in to your account
  • Your cookies
  • Search history
Southville International School and Colleges
  • Advanced search
  • Recent comments
  • Most popular
  • Libraries

Log in to your account

Log in with GOOGLE


If you do not have an external account, but do have a local account, you can still log in:

  1. Home
  2. MARC view: 102 Dalmatians.
Normal view MARC view ISBD view

102 Dalmatians. (Record no. 106119)

[ view plain ]
MARC details
000 -LEADER
fixed length control field 00378nam a2200145 a 4500
005 - DATE AND TIME OF LATEST TRANSACTION
control field 20140412111423.0
008 - FIXED-LENGTH DATA ELEMENTS--GENERAL INFORMATION
fixed length control field 080124s19uu xx 00 eng d
020 ## - INTERNATIONAL STANDARD BOOK NUMBER
International Standard Book Number 0-7172-6471-8
050 ## - LIBRARY OF CONGRESS CALL NUMBER
Classification number ER
Item number On2 2000
245 ## - TITLE STATEMENT
Title 102 Dalmatians.
260 ## - PUBLICATION, DISTRIBUTION, ETC. (IMPRINT)
Place of publication, distribution, etc U.S.A :
Name of publisher, distributor, etc Disney Interprises,
Date of publication, distribution, etc 2000.
300 ## - PHYSICAL DESCRIPTION
Extent unp.
440 ## - SERIES STATEMENT/ADDED ENTRY--TITLE
Title Disney's wonderful world of reading
Holdings
Withdrawn status Lost status Damaged status Home library Current library Shelving location Date acquired Source of acquisition Total Checkouts Full call number Barcode Date last seen Price effective from Koha item type
      Elizalde Library Elizalde Library Easy Reading Section 01/24/2008     ER On2 2000 E11234 04/12/2014 04/12/2014 Books

102 Dalmatians.

APA

(2000). 102 Dalmatians. U.S.A: Disney Interprises.

Chicago

2000. 102 Dalmatians. U.S.A: Disney Interprises.

Harvard

(2000). 102 Dalmatians. U.S.A: Disney Interprises.

MLA

102 Dalmatians. U.S.A: Disney Interprises. 2000.

  • Place hold
  • Print
  • Cite
  • Add to your cart (remove)
  • Save record
    BIBTEX Dublin Core MARCXML MARC (non-Unicode/MARC-8) MARC (Unicode/UTF-8) MARC (Unicode/UTF-8, Standard) MODS (XML) RIS
  • More searches
    Search for this title in:
    Other Libraries (WorldCat) Other Databases (Google Scholar) Online Stores (Bookfinder.com) Open Library (openlibrary.org)

Exporting to Dublin Core...

SOUTHVILLE LIBRARY

Southville International School and Colleges Library

1281 Tropical Ave. Cor. Luxembourg St., BF Homes International, Las Pinas City

Tel. No. 8256374 / 252358 Loc. 117/146

Powered by Koha